|
|
|
|
| LEADER |
00000nab a2200000 a 4500 |
| 001 |
vtls000323554 |
| 003 |
SK-MaSNL |
| 005 |
20260304235448.0 |
| 008 |
230214c1988 xo 0 slo |
| 015 |
|
|
|a SNBRB19rr/mm-uuuuu
|
| 035 |
|
|
|a CL0323676
|
| 035 |
|
|
|a urn:nbn:sk:snk-ab81t
|
| 035 |
|
|
|a (urnnbn)urn:nbn:sk:snk:ar-a03egr
|
| 035 |
|
|
|a (uuid)3c5fe8de-bfa8-46cb-a7e5-1dce9fce699b
|
| 040 |
|
|
|a SNKBUCL
|b slo
|c SNKBUCL
|e AACR2
|
| 041 |
0 |
|
|a slo
|
| 044 |
|
|
|a xo
|c SK
|
| 080 |
|
|
|a 612.1
|2 1981
|
| 080 |
|
|
|a 546.133.1
|2 1981
|
| 080 |
|
|
|a 612.112-019
|2 1981
|
| 080 |
|
|
|a 57.089.6
|2 1981
|
| 245 |
0 |
0 |
|a Počet leukocytov a inhibítory proteáz séra po injikovaní autológnych a alogénnych sér opracovaných chloroformom ; Ján Štefanovič, Ivana Murgašová, Olga Absolonová, Mária Žalkovičová
|
| 300 |
|
|
|b Obr. 3. Res. angl., lit. 27 zázn. v slov., angl., nem.
|
| 650 |
0 |
7 |
|a krvné sérum
|2 snkbucl
|9 75076
|
| 650 |
0 |
7 |
|a leukocyty
|2 snkbucl
|9 16136
|
| 655 |
|
7 |
|a články z novín a časopisov
|2 snkbucl
|9 267496
|
| 700 |
1 |
|
|a Štefanovič, Ján,
|d 1928-
|4 aut
|9 155923
|
| 700 |
1 |
|
|a Murgašová, Ivana
|4 aut
|9 1139475
|
| 700 |
1 |
|
|a Absolonová, Oľga
|c (mikrobiologička)
|4 aut
|9 6727
|
| 700 |
1 |
|
|a Žalkovičová, Mária
|4 aut
|9 1365043
|
| 773 |
0 |
|
|t Bratislavské lekárske listy
|g Roč. 89, č. 3 (1988), s. 160-163
|
| 850 |
|
|
|a Slovenská národná knižnica v Martine
|a MTA001
|
| 852 |
|
|
|a SNK
|b KIS3GCP
|
| 954 |
|
|
|a odborná, vedecká literatúra pôvodná (slovenská)
|2 lita
|
| 958 |
|
|
|a NB
|
| 958 |
|
|
|a RK
|
| 958 |
|
|
|a OND
|
| 958 |
|
|
|a EUIPO
|
| 958 |
|
|
|a article27
|
| 992 |
|
|
|a RBX
|
| 999 |
|
|
|c 3208949
|d 3210879
|